Detection of fibrosis regions in the lungs based on CT scans; Информационные технологии в науке, управлении, социальной сфере и медицине; Ч. 2

Detalhes bibliográficos
Parent link:Информационные технологии в науке, управлении, социальной сфере и медицине: сборник научных трудов IV Международной научной конференции, 5-8 декабря 2017 г., Томск/ Национальный исследовательский Томский политехнический университет (ТПУ).— , 2017
Ч. 2.— 2017.— [С. 4-9]
Autor principal: Natzina Juanita Francis
Autor Corporativo: Национальный исследовательский Томский политехнический университет Инженерная школа информационных технологий и робототехники Отделение информационных технологий
Outros Autores: Aksenov S. V. Sergey Vladimirovich (научный руководитель)
Resumo:Заглавие с титульного экрана
The main aim in the article was to provide an accurate, simple and fast algorithm that can increase the performance of the system and thereby the efficiency. Accurate results for lung images have not been accurate as the edges form in many diverse ways. Thereby, a universally applicable edge detection algorithm cannot comply with the purpose of detecting fibrosis. Thus by considering and furthermore introducing a deep convolutional neural network with pixel manipulation, the detection of fibrosis can be made easy, efficient and even accurate unlike the traditional learning structures. By implementing this we are free from extraction of features or even computation of multiple channels and thus suggesting a very straight forward method in terms of the detection and output accuracy.
Idioma:inglês
Publicado em: 2017
Assuntos:
Acesso em linha:http://earchive.tpu.ru/handle/11683/46959
Formato: MixedMaterials Recurso Electrónico Capítulo de Livro
KOHA link:https://koha.lib.tpu.ru/cgi-bin/koha/opac-detail.pl?biblionumber=626581

MARC

LEADER 00000naa2a2200000 4500
001 626581
005 20231101133423.0
035 |a (RuTPU)RU\TPU\conf\26008 
035 |a RU\TPU\conf\25405 
090 |a 626581 
100 |a 20180320d2017 k y0rusy50 ba 
101 0 |a eng  |d eng 
102 |a RU 
105 |a y z 101zy 
135 |a drcn ---uucaa 
181 0 |a i  
182 0 |a b 
200 1 |a Detection of fibrosis regions in the lungs based on CT scans  |f Natzina Juanita Francis  |g sci. adv. S. V. Aksenov 
203 |a Текст  |c электронный 
230 |a 1 компьютерный файл (pdf; 273 Kb) 
300 |a Заглавие с титульного экрана 
320 |a [Библиогр.: с. 8-9 (8 назв.)] 
330 |a The main aim in the article was to provide an accurate, simple and fast algorithm that can increase the performance of the system and thereby the efficiency. Accurate results for lung images have not been accurate as the edges form in many diverse ways. Thereby, a universally applicable edge detection algorithm cannot comply with the purpose of detecting fibrosis. Thus by considering and furthermore introducing a deep convolutional neural network with pixel manipulation, the detection of fibrosis can be made easy, efficient and even accurate unlike the traditional learning structures. By implementing this we are free from extraction of features or even computation of multiple channels and thus suggesting a very straight forward method in terms of the detection and output accuracy. 
461 1 |0 (RuTPU)RU\TPU\conf\25267  |t Информационные технологии в науке, управлении, социальной сфере и медицине  |o сборник научных трудов IV Международной научной конференции, 5-8 декабря 2017 г., Томск  |o в 2 ч.  |f Национальный исследовательский Томский политехнический университет (ТПУ)   |d 2017 
463 1 |0 (RuTPU)RU\TPU\conf\26007  |t Ч. 2  |f Национальный исследовательский Томский политехнический университет (ТПУ) ; под ред. О. Г. Берестневой [и др.]  |v [С. 4-9]  |d 2017 
610 1 |a электронные ресурсы 
610 1 |a труды учёных ТПУ 
610 1 |a images 
610 1 |a neural network 
610 1 |a томографические изображения 
610 1 |a нейронные сети 
610 1 |a методы обработки 
610 1 |a фиброз 
610 1 |a легкие 
700 0 |a Natzina Juanita Francis 
702 1 |a Aksenov  |b S. V.  |c Specialist in the field of informatics and computer technology  |c Associate Professor of Tomsk Polytechnic University, Candidate of technical sciences  |f 1983-  |g Sergey Vladimirovich  |2 stltpush  |4 727 
712 0 2 |a Национальный исследовательский Томский политехнический университет  |b Инженерная школа информационных технологий и робототехники  |b Отделение информационных технологий  |h 7951  |2 stltpush  |3 (RuTPU)RU\TPU\col\23515 
801 2 |a RU  |b 63413507  |c 20180326  |g RCR 
856 4 |u http://earchive.tpu.ru/handle/11683/46959 
942 |c BK